| 000 | 02724nam a2200445 a 4500 | ||
|---|---|---|---|
| 001 | 000029828 | ||
| 003 | DO-SdBNP | ||
| 005 | 20260427170707.0 | ||
| 008 | 110426s2010 dr 000 0 spa d | ||
| 020 | _a9789945074208 | ||
| 040 |
_aDO-SdBNP _bspa _cBNPHU |
||
| 082 | 4 |
_aRD860.9 _bP153o _222 |
|
| 245 | 0 | 3 |
_aEl paladión : _bde la ocupación militar norteamericana a la dictadura de Trujillo / _ccompilador Alejandro Paulino Ramos. |
| 260 |
_aSanto Domingo : _bAcademia Dominicana de la Historia : _bArchivo General de la Nación, _c2010. |
||
| 300 |
_a2 v. ; _c23 cm. |
||
| 490 | 1 |
_aArchivo General de la Nación _v127 |
|
| 490 | 1 |
_aAcademia Dominicana de la Historia _v92 |
|
| 500 | _aIncluye índice onomástico. | ||
| 505 | 0 |
_gv. 2. _tEdiciones paladión -- _gLibros El Paladión / _rJulio A. Cuello _tLos poemas del instinto, elegías sinfónicas, Otros poemas -- _tLos nocturnos del olvido, La sombra iluminada / _rVirgilio Díaz Ordoñez (Ligio Vizardí) -- _tNotas bibliográficas y literarias, Luzbel del monóculo / _rCristian Lugo -- _tVía láctea, Como los demás / _rArmando Oscar Pacheco -- _tVoces de adentro, Discurso, Por mi patria, El espíritu de la renovación / _rFrancisco Prats-Ramírez -- _tLos civilizadores / _rHoracio Read -- _gIndice onomástico. |
|
| 520 | _aEl Paladión fue la más importante organización juvenil, cultural y revolucionaria de la intelectualidad dominicana, entre 1916 y 1931, fue creada junto a otras que integraron a los sectores anti- intervencionistas: la Unión Nacional Dominicana, la Junta Nacionalista y el Movimiento Postumista Plus Ultra como respuesta a la dictadura militar de la primera ocupación norteamericana de la República Dominicana. | ||
| 590 | _aInventariado, 2018/BT | ||
| 610 | 2 | 0 |
_aPaladión (Organización : República Dominicana) _956579 |
| 650 | 4 |
_aEnsayos dominicanos _965 |
|
| 650 | 4 |
_aPoesía dominicana _966 |
|
| 650 | 4 |
_aCuentos dominicanos _9176 |
|
| 650 | 4 |
_aHistoria en la literatura _91300 |
|
| 650 | 4 |
_aMovimientos antiimperialistas _zRepública Dominicana _xLiteratura _956580 |
|
| 650 | 4 |
_aLiteratura dominicana _ySiglo XX _985167 |
|
| 651 | 0 |
_aRepública Dominicana _xHistoria _yOcupación Norteamericana, 1916-1924 _xLiteratura _956581 |
|
| 700 | 1 |
_aPaulino Ramos, Alejandro, _d1951- _ecomp. _9325 |
|
| 700 | 1 | 2 |
_aCuello, Julio A. _920639 |
| 700 | 1 | 2 |
_aVirgilio Díaz Ordóñez, _d1895-1968 _984972 |
| 700 | 1 | 2 |
_aLugo, Cristián _956583 |
| 700 | 1 | 2 |
_aPacheco, Armando Oscar _956584 |
| 700 | 1 | 2 |
_aPrats-Ramírez, Francisco _952032 |
| 700 | 1 | 2 |
_aRead, Horacio _927413 |
| 830 | 0 |
_aArchivo General de la Nación _v127 _9770 _pAcademia Dominicana de la Historia _n92 |
|
| 910 | _aValidado. Control de calidad. EMS | ||
| 942 |
_2ddc _cLBS1 |
||
| 999 |
_c29320 _d29320 |
||